Disco Music 1974 - 1982 - Statistics

General Stats
  • This quiz has been taken 38 times
  • The average score is 10 of 20
Answer Stats
Question Answer % Correct
Shake Shake Shake (Shake Your Booty) (1976) KC & The Sunshine Band
100%
Funkytown (1980) Lipps Inc.
100%
Boogie Oogie Oogie (1978) A Taste Of Honey
88%
Everybody Dance (1977) Chic
88%
Tragedy (1979) Bee Gees
75%
On The Radio (1980) Donna Summer
75%
Rock Your Baby (1974) George McRae
75%
Can't Stop The Music (1980) Village People
75%
Lay All Your Love On Me (1981) Abba
63%
Native Love (Step By Step) (1982) Divine
38%
Black Is Black (1977) La Belle Epoque
38%
Beat The Clock (1979) Sparks
38%
Let Me Know (I Have The Right) (1979) Gloria Gaynor
25%
Your Love (1981) Lime
25%
You See The Trouble With Me (1976) Barry White
13%
Supernature (1978) Cerrone
13%
The Boss (1979) Diana Ross
13%
Everybody Salsa (1981) Modern Romance
13%
Givin' Up Givin' In (1978) Three Degrees
13%
Fantasy Island (1982) Tight Fit
13%
No matching quizzes found
Score Distribution
Percent of People with Each Score
Percentile by Number Answered
Your Score History
You have not taken this quiz